000 00484nam a2200181Ia 4500
005 20250423095904.0
008 250422s9999 xx 000 0 und d
020 _a0-688-04093-4
050 _aQC793.27.A63/
100 _aNecia H. Apfel
245 0 _aIt's All Elementary: From Atoms to the Quantum World of Quarks, Leptons, and Gluons
260 _aNew York
260 _bLothrop, Lee & Shepard Books
260 _c1985
300 _a176 p
650 _aPhysics
942 _cBK
999 _c31637
_d31637